000 00363pam a2200157a 44500
008 230515b2010 xxu||||| |||| 00| 0 eng d
020 _aNULL
041 _aENGLISH
082 _a611/GAR
100 _aGARG
245 _aTEXT BOOK OF NEUROANATOMY WITH CLINICAL ORIENTATION
250 _a4TH
260 _a
_bC B S PUB
_c2010
300 _a321
650 _aNULL
999 _c562473
_d562473